[Event "World Senior 65+ 2014"]
[Site "Katerini GRE"]
[Date "2014.11.01"]
[Round "8.5"]
[White "Rooze, Jan"]
[Black "Morriss, Pete"]
[Result "1-0"]
[WhiteTitle "IM"]
[WhiteElo "2341"]
[BlackElo "2032"]
[WhiteFideId "200050"]
[BlackFideId "2500230"]
[EventDate "2014.10.24"]

1. c4 Nf6 2. g3 e6 3. Bg2 a6 4. b3 c5 5. Nf3 b5 6. O-O Bb7 7. Bb2 Be7 8. Nc3 b4
9. Na4 O-O 10. d4 d6 11. dxc5 dxc5 12. Qxd8 Rxd8 13. Ne5 Bxg2 14. Kxg2 Nfd7 15.
Rad1 Ra7 16. Rd2 Bf6 17. Rfd1 Kf8 18. Nxc5 1-0

[Event "World Senior 65+ 2014"]
[Site "Katerini GRE"]
[Date "2014.11.01"]
[Round "8.6"]
[White "Singer, Hans"]
[Black "Van Riemsdijk, Herman C."]
[Result "0-1"]
[WhiteTitle "FM"]
[BlackTitle "IM"]
[WhiteElo "2207"]
[BlackElo "2339"]
[WhiteFideId "1600800"]
[BlackFideId "2100053"]
[EventDate "2014.10.24"]

1. Nf3 d5 2. d4 Nf6 3. e3 g6 4. c4 Bg7 5. Nc3 O-O 6. Bd3 c5 7. O-O cxd4 8. exd4
Nc6 9. h3 Nb4 10. Be2 dxc4 11. Bxc4 b6 12. Qb3 Nc6 13. Qa4 Bb7 14. Rd1 a6 15.
Be2 b5 16. Qc2 Rc8 17. a3 Nd5 18. Be3 Na5 19. Bd2 Nc4 20. Be1 Nf4 21. Rac1 Qd7
22. d5 Nxd5 23. a4 e6 24. axb5 axb5 25. Qb3 Nd6 26. Nxb5 Rxc1 27. Rxc1 Nf4 28.
Bf1 Nxb5 29. Bxb5 Qd5 30. Qxd5 Bxd5 31. b4 Rb8 32. Bd2 e5 33. Bxf4 exf4 34. Rc5
Be6 35. Bc4 Bf8 36. Rb5 Rxb5 37. Bxb5 Bxb4 38. Bc6 f6 39. Nd4 Bf7 40. Bd7 Bc3
41. Ne2 Be5 42. Bb5 Kf8 43. Kf1 Ke7 44. f3 Kd6 45. Kf2 Be6 46. Be8 Kc5 47. Ba4
Bf5 48. Bb3 Kb4 49. Bg8 g5 50. Bf7 Ka3 51. Bc4 Kb2 52. Ba6 Bc7 53. Bb5 Bb6+ 54.
Kf1 Kc2 55. Ba6 Kd2 56. Bb5 Be3 57. Ba6 Bd7 58. Bc4 f5 59. g3 g4 60. Nxf4 gxf3
61. Ba6 Bxf4 62. gxf4 Ke3 63. Bc4 Ba4 64. Ke1 Bc2 0-1

[Event "World Senior 65+ 2014"]
[Site "Katerini GRE"]
[Date "2014.11.01"]
[Round "8.7"]
[White "Frumson, Yury"]
[Black "Klundt, Klaus"]
[Result "1-0"]
[WhiteTitle "FM"]
[BlackTitle "IM"]
[WhiteElo "2179"]
[BlackElo "2325"]
[WhiteFideId "4116402"]
[BlackFideId "4600436"]
[EventDate "2014.10.24"]

1. Nf3 Nf6 2. c4 c6 3. d4 d5 4. cxd5 cxd5 5. Nc3 Nc6 6. Bf4 e6 7. e3 Bd6 8. Bxd6
Qxd6 9. Bd3 O-O 10. Rc1 b6 11. O-O Bb7 12. a3 a6 13. Rc2 Rac8 14. Qe2 b5 15.
Rfc1 Na5 16. Ne5 Nc4 17. f4 Rc7 18. Nb1 Rfc8 19. b3 Na5 20. Rxc7 Rxc7 21. Rxc7
Qxc7 22. Qc2 Qxc2 23. Bxc2 Ne4 24. Kf1 Kf8 25. Bxe4 dxe4 26. b4 Nc4 27. Nxc4
bxc4 28. Ke2 Ke7 29. Kd2 Kd6 30. Kc3 Kd5 31. Nd2 Bc6 32. Nxc4 Bb5 33. Na5 f6 34.
Nb7 h6 35. Nc5 g5 36. g3 e5 37. dxe5 fxe5 38. fxg5 1-0

[Event "World Senior 65+ 2014"]
[Site "Katerini GRE"]
[Date "2014.11.01"]
[Round "8.8"]
[White "Pritchett, Craig W"]
[Black "Skalkotas, Nikolaos"]
[Result "1-0"]
[WhiteTitle "IM"]
[BlackTitle "IM"]
[WhiteElo "2315"]
[BlackElo "2150"]
[WhiteFideId "2400065"]
[BlackFideId "4200144"]
[EventDate "2014.10.24"]

1. e4 g6 2. d4 Bg7 3. Nf3 d6 4. Nc3 a6 5. Bd3 Bg4 6. Be3 Nc6 7. d5 Nd4 8. Bxd4
Bxf3 9. Be2 Bxe2 10. Nxe2 Nf6 11. O-O O-O 12. Nc3 c5 13. dxc6 bxc6 14. e5 Nd5
15. Nxd5 cxd5 16. f4 Rc8 17. c3 Rc6 18. Qa4 Qc8 19. Rae1 dxe5 20. fxe5 Qb7 21.
Rf2 Qb5 22. Qxb5 axb5 23. a3 Re6 24. Rfe2 Ra8 25. Kf1 Raa6 26. Re3 f5 27. exf6
Rxe3 28. Rxe3 Bxf6 29. Ke2 Kf7 30. Kd3 Ra4 31. Rf3 Ke6 32. Bxf6 exf6 33. Re3+
Kd7 34. g3 h5 35. Rf3 Ke6 36. Rf4 g5 37. Rd4 f5 38. Ke3 Ke5 39. h4 f4+ 40. gxf4+
gxf4+ 41. Kd3 Rc4 42. b3 Rc5 43. a4 f3 44. axb5 f2 45. Ke2 Rxc3 46. Rb4 Rc2+ 47.
Kf1 d4 48. b6 Rc8 49. Kxf2 Rb8 50. b7 Kd5 51. Ke2 Kc5 52. Rc4+ Kd5 53. Rc7 Kd6
54. Rh7 Kc6 55. Kd3 Rd8 56. Rxh5 Kxb7 57. Rg5 Kc6 58. b4 Rb8 59. b5+ Kb6 60.
Kxd4 Rc8 61. h5 Rc1 62. Rd5 1-0

[Event "World Senior 65+ 2014"]
[Site "Katerini GRE"]
[Date "2014.11.01"]
[Round "8.9"]
[White "Gergel, Vladimir P"]
[Black "Pushkov, Nikolai"]
[Result "1/2-1/2"]
[WhiteTitle "FM"]
[BlackTitle "GM"]
[WhiteElo "2202"]
[BlackElo "2306"]
[WhiteFideId "14100550"]
[BlackFideId "4117131"]
[EventDate "2014.10.24"]

1. e4 e6 2. d3 d5 3. Qe2 dxe4 4. dxe4 e5 5. Nf3 Nd7 6. Nbd2 Bc5 7. Nb3 Bb6 8.
Bg5 Ngf6 9. Nfd2 Qe7 10. Nc4 Qe6 11. f3 O-O 12. Nxb6 axb6 13. Qc4 Qxc4 14. Bxc4 1/2-1/2

[Event "World Senior 65+ 2014"]
[Site "Katerini GRE"]
[Date "2014.11.01"]
[Round "8.10"]
[White "Serra Olives, Tomas"]
[Black "Filipenko, Alexander V"]
[Result "1-0"]
[WhiteTitle "FM"]
[BlackTitle "IM"]
[WhiteElo "2156"]
[BlackElo "2292"]
[WhiteFideId "2203774"]
[BlackFideId "4104471"]
[EventDate "2014.10.24"]

1. e4 c5 2. Nf3 d6 3. d4 cxd4 4. Nxd4 Nf6 5. Nc3 e6 6. Be3 Be7 7. f3 O-O 8. Qd2
e5 9. Nb3 Be6 10. O-O-O a5 11. Bb5 Na6 12. Kb1 Nc7 13. Bb6 Qb8 14. Nxa5 Nxb5 15.
Nxb5 Ra6 16. Bf2 Rc8 17. a3 d5 18. exd5 Nxd5 19. Nb3 Ra4 20. Rhe1 f6 21. Re4 Qa8
22. N3d4 Bf7 23. Nf5 Bf8 24. Rxa4 Qxa4 25. Nfd6 Bxd6 26. Nxd6 Rd8 27. Bc5 b6 28.
Bb4 Nxb4 29. Qxb4 Qc6 30. Rd2 Bg6 31. Nf5 Qc7 32. Rxd8+ Qxd8 33. Qd6 Qxd6 34.
Nxd6 Kf8 35. Nc8 e4 36. Nxb6 e3 37. Kc1 e2 38. Kd2 Bxc2 39. Kxe2 Ke7 40. Ke3 Kd6
41. Kd4 Bb3 42. Nc4+ Ke6 43. Ne3 g5 44. g3 Kd6 45. f4 gxf4 46. gxf4 h5 47. h4
Kc6 48. a4 Bxa4 49. Nd5 Kd6 50. Nxf6 Ke6 51. Nxh5 Kf5 52. Ke3 Kg4 53. Ng7 Kxh4
54. Ke4 Bb3 55. Ke5 Kg4 56. f5 Kg5 57. Ne6+ Kh6 58. Nd4 1-0

[Event "World Senior 65+ 2014"]
[Site "Katerini GRE"]
[Date "2014.11.01"]
[Round "8.11"]
[White "Bibilashvili, Giorgi"]
[Black "Malisov, Boris"]
[Result "0-1"]
[WhiteElo "2169"]
[BlackElo "2250"]
[WhiteFideId "13601873"]
[BlackFideId "2802503"]
[EventDate "2014.10.24"]

1. c4 e5 2. Nc3 Nc6 3. g3 f5 4. d3 Bb4 5. Bg2 Bxc3+ 6. bxc3 Nf6 7. Nf3 O-O 8.
O-O d6 9. Rb1 Qe8 10. d4 e4 11. Ne1 Na5 12. c5 Be6 13. Qc2 b6 14. f3 d5 15. cxb6
axb6 16. Rf2 Nc4 17. e3 Bc8 18. Bf1 Ba6 19. f4 Nd6 20. Bxa6 Rxa6 21. Qb3 Qa4 22.
a3 Qxb3 23. Rxb3 Kf7 24. h3 Ke6 25. Nc2 Kd7 26. Rg2 h6 27. g4 fxg4 28. hxg4 g5
29. f5 Rh8 30. Rb1 h5 31. gxh5 Rxh5 32. Bd2 Ra8 33. Rh2 Rxh2 34. Kxh2 Nxf5 35.
Rf1 Ke6 36. Kg2 Nh4+ 37. Kg3 Nf3 38. Be1 Rh8 39. Bf2 Kf5 40. Ne1 g4 41. Nxf3
exf3 0-1

[Event "World Senior 65+ 2014"]
[Site "Katerini GRE"]
[Date "2014.11.01"]
[Round "8.12"]
[White "Batakovs, Olegs"]
[Black "Lederman, Leon"]
[Result "0-1"]
[BlackTitle "IM"]
[WhiteElo "2098"]
[BlackElo "2233"]
[WhiteFideId "11600888"]
[BlackFideId "2800403"]
[EventDate "2014.10.24"]

1. e4 c5 2. Nf3 d6 3. d4 cxd4 4. Nxd4 Nf6 5. Nc3 a6 6. Be3 e5 7. Nb3 Be6 8. f3
h5 9. Qd2 Nbd7 10. O-O-O Rc8 11. Kb1 Be7 12. h4 Qc7 13. Qf2 b5 14. Nd5 Bxd5 15.
exd5 Bd8 16. c3 Qb7 17. Qd2 a5 18. Be2 Rb8 19. Qd3 Bc7 20. Rd2 O-O 21. Rhd1 a4
22. Nc1 b4 23. c4 Bb6 24. b3 Qa7 25. Bxb6 Rxb6 26. g4 Nc5 27. Qc2 Ra8 28. Qb2
Ra6 29. g5 Nfd7 30. Bd3 axb3 31. axb3 Ra1+ 32. Kc2 Ra3 33. Kb1 Nxb3 34. Nxb3
Rxb3 0-1

[Event "World Senior 65+ 2014"]
[Site "Katerini GRE"]
[Date "2014.11.01"]
[Round "8.13"]
[White "Vasiukov, Evgeni"]
[Black "Marcovici, Adrian"]
[Result "1-0"]
[WhiteTitle "GM"]
[WhiteElo "2448"]
[BlackElo "2042"]
[WhiteFideId "4100522"]
[BlackFideId "2801175"]
[EventDate "2014.10.24"]

1. e4 c5 2. Nf3 a6 3. c3 e6 4. d4 d5 5. e5 Bd7 6. h4 h5 7. Bd3 cxd4 8. cxd4 Bb5
9. Bc2 a5 10. Nc3 Ba6 11. Bg5 Be7 12. Qd2 Nh6 13. O-O-O Nc6 14. Kb1 Nf5 15. Bxf5
exf5 16. Bxe7 Nxe7 17. Ng5 Rg8 18. Rhe1 Qb6 19. Rc1 Qb4 20. Qd1 g6 21. Nh7 Rh8
22. Nf6+ Kf8 23. Ncxd5 Nxd5 24. Nxd5 Qb5 25. Nc7 Qd3+ 26. Ka1 Qxd1 27. Rexd1 Rd8
28. d5 Kg7 29. f4 Rd7 30. b3 Rb8 31. Rd2 Kf8 32. Kb2 Ke7 33. a4 Kd8 34. d6 Rc8
35. e6 Rdxc7 36. dxc7+ Ke7 37. exf7 Kxf7 38. Rd8 b6 39. Rxc8 Bxc8 40. Rd1 1-0

[Event "World Senior 65+ 2014"]
[Site "Katerini GRE"]
[Date "2014.11.01"]
[Round "8.14"]
[White "Koryabkin, Valery"]
[Black "Wahlbom, Magnus"]
[Result "0-1"]
[WhiteElo "2072"]
[BlackElo "2283"]
[WhiteFideId "24113115"]
[BlackFideId "1700685"]
[EventDate "2014.10.24"]

1. d4 Nf6 2. Nf3 e6 3. c4 b6 4. Nc3 Bb4 5. Bd2 Bb7 6. e3 O-O 7. Be2 d5 8. cxd5
exd5 9. O-O Re8 10. Rc1 a6 11. a3 Bd6 12. Bd3 Nbd7 13. Ne2 Qe7 14. Bf5 Ne4 15.
Bb4 c5 16. Be1 c4 17. Bxd7 Qxd7 18. Ng3 b5 19. Nd2 Nf6 20. Qf3 a5 21. Nf5 Bf8
22. h3 b4 23. Nb1 c3 24. axb4 cxb2 25. Rc2 Ba6 26. Rxb2 Bxf1 27. Kxf1 axb4 28.
g4 Ne4 29. Kg2 Reb8 30. Qf4 Rb7 31. f3 Nd6 32. Rxb4 Ra2+ 33. Kg1 Nxf5 34. Rxb7
Qxb7 35. Qxf5 Ra1 0-1

[Event "World Senior 65+ 2014"]
[Site "Katerini GRE"]
[Date "2014.11.01"]
[Round "8.15"]
[White "Khazankin, Moisei"]
[Black "Agzamov, Valeriy"]
[Result "1-0"]
[WhiteElo "2039"]
[BlackElo "2191"]
[WhiteFideId "14115271"]
[BlackFideId "14200449"]
[EventDate "2014.10.24"]

1. e4 e5 2. Nf3 Nc6 3. Bb5 a6 4. Ba4 Nf6 5. O-O Be7 6. Bxc6 dxc6 7. d3 Nd7 8.
Nbd2 O-O 9. Nc4 f6 10. Nh4 Nc5 11. Nf5 Bxf5 12. exf5 Qd5 13. Ne3 Qf7 14. Qf3
Rad8 15. b3 Rfe8 16. Bb2 Bf8 17. Qh3 Nd7 18. Rad1 c5 19. Qf3 c6 20. Nc4 Qd5 21.
Qe4 Nb8 22. Nb6 Qf7 23. a4 Nd7 24. Nc4 Qd5 25. a5 Nb8 26. Rfe1 Qxe4 27. dxe4
Rxd1 28. Rxd1 Be7 29. Ba3 Kf8 30. Kf1 Rc8 31. Nd6 Rd8 32. Bxc5 Bxd6 33. Bxd6+
Ke8 34. Ke2 Rc8 35. b4 Nd7 36. c4 b6 37. axb6 Nxb6 38. Kd3 Rd8 39. c5 Nc8 40.
Kc4 Na7 41. Ra1 Nb5 42. Rxa6 Nxd6+ 43. cxd6 Rxd6 44. f3 Rd2 45. Ra8+ Ke7 46.
Ra7+ Kf8 47. Kc5 Rc2+ 48. Kd6 h6 49. g4 Rc3 50. Ra6 Rc4 51. Rb6 Kf7 52. h4 Rc3
53. Rxc6 Rxf3 54. Rc7+ Kg8 55. b5 Rb3 56. Rc5 Rb4 57. Kc6 Rxe4 58. b6 1-0

[Event "World Senior 65+ 2014"]
[Site "Katerini GRE"]
[Date "2014.11.01"]
[Round "8.16"]
[White "Krstic, Slobodan AUS"]
[Black "Archangelsky, Mikhail"]
[Result "1-0"]
[BlackTitle "IM"]
[WhiteElo "2038"]
[BlackElo "2149"]
[WhiteFideId "3203379"]
[BlackFideId "4117573"]
[EventDate "2014.10.24"]

1. e4 e6 2. f4 d5 3. e5 c5 4. Nf3 Nc6 5. c3 Nh6 6. Na3 Qb6 7. Nc2 Bd7 8. d3 f6
9. exf6 gxf6 10. Ne3 O-O-O 11. g3 Kb8 12. Bh3 d4 13. Nc4 Qc7 14. O-O Nf7 15.
cxd4 cxd4 16. Bd2 b5 17. Qb3 Ka8 18. Qxb5 Nb4 19. Qh5 Bc8 20. Bxb4 Bxb4 21. a3
Bf8 22. Rac1 Nd6 23. Bg2 Bb7 24. Na5 Qb6 25. Nxb7 Nxb7 26. Qf7 f5 27. Ne5 Bd6
28. Rc6 Qxb2 29. Nc4 Rhf8 30. Qh5 1-0

[Event "World Senior 65+ 2014"]
[Site "Katerini GRE"]
[Date "2014.11.01"]
[Round "8.17"]
[White "Savolainen, Lev P."]
[Black "Doubleday, William G."]
[Result "1-0"]
[WhiteTitle "FM"]
[WhiteElo "2083"]
[BlackElo "2057"]
[WhiteFideId "4135792"]
[BlackFideId "2682419"]
[EventDate "2014.10.24"]

1. d4 d5 2. c4 e6 3. Nc3 Nf6 4. Bg5 c6 5. cxd5 exd5 6. Qc2 Be7 7. e3 Nbd7 8. Bd3
h6 9. Bh4 O-O 10. Nge2 Re8 11. f3 c5 12. Rd1 c4 13. Bf5 Nf8 14. Bxc8 Rxc8 15.
O-O Ng6 16. Bxf6 Bxf6 17. e4 dxe4 18. fxe4 a6 19. e5 Bg5 20. Ne4 Rc7 21. Nd6 Re6
22. Ne4 Be3+ 23. Kh1 b5 24. Rf3 Bg5 25. g3 Be7 26. Nf4 Nxf4 27. gxf4 Rd7 28. f5
Rxe5 29. f6 Rxd4 30. Rg1 Rdxe4 31. Rxg7+ Kf8 32. fxe7+ Qxe7 33. Rg1 Re1 34. Qh7
Rxg1+ 35. Kxg1 Re1+ 36. Kf2 Qe2+ 37. Kg3 Rg1+ 38. Kf4 Qxh2+ 39. Ke3 Re1+ 40. Kd4
Qd6+ 41. Kc3 Qe5+ 42. Kb4 Qxb2+ 43. Ka5 Qg7 44. Qf5 Kg8 45. Qf4 Re6 46. Qc7 Rf6
47. Qd8+ Kh7 48. Rxf6 c3 49. Qe7 Kg8 50. Qd8+ Kh7 51. Qd3+ Kg8 52. Qxc3 Qg2 53.
a3 b4 54. Qe5 bxa3 55. Qe8+ 1-0

[Event "World Senior 65+ 2014"]
[Site "Katerini GRE"]
[Date "2014.11.01"]
[Round "8.18"]
[White "Reynolds, D Ian W"]
[Black "Baeta, Marcio Netto"]
[Result "1/2-1/2"]
[WhiteElo "2006"]
[BlackElo "2074"]
[WhiteFideId "410705"]
[BlackFideId "2112744"]
[EventDate "2014.10.24"]

1. e4 e5 2. Nf3 Qe7 3. Bc4 Nc6 4. O-O Nd8 5. d4 d6 6. h3 g6 7. Bg5 f6 8. Be3 Bh6
9. Qd2 Bxe3 10. Qxe3 Be6 11. Be2 Kf8 12. Nc3 c6 13. Rad1 Kg7 14. Rfe1 Nh6 15.
Bf1 Nhf7 16. b3 Bd7 17. Qd2 Ne6 18. Ne2 Rad8 19. c3 Bc8 20. Nh2 g5 21. g3 h5 22.
Bg2 Rdg8 23. Nf1 h4 24. Ne3 Nc7 25. g4 Nh6 26. dxe5 1/2-1/2

[Event "World Senior 65+ 2014"]
[Site "Katerini GRE"]
[Date "2014.11.01"]
[Round "8.19"]
[White "Gromark, Per-Olof"]
[Black "Chirinos Cabrera, Cleren Jesus"]
[Result "1-0"]
[BlackTitle "CM"]
[WhiteElo "2050"]
[BlackElo "2009"]
[WhiteFideId "1722433"]
[BlackFideId "3900150"]
[EventDate "2014.10.24"]

1. Nf3 Nf6 2. c4 c5 3. g3 g6 4. Bg2 Bg7 5. O-O O-O 6. d4 cxd4 7. Nxd4 Nc6 8. Nc3
Ne5 9. b3 a6 10. h3 Nc6 11. Be3 Qc7 12. Rc1 Nxd4 13. Bxd4 Qd8 14. Qd2 Ne8 15.
Rfd1 Bxd4 16. Qxd4 Ng7 17. a4 Ne6 18. Qe3 a5 19. Nd5 Ra6 20. c5 Re8 21. h4 Nf8
22. Qc3 Ne6 23. e4 Rc6 24. Qe3 Nc7 25. Nb6 Na6 26. e5 Rc7 27. Na8 Nb4 28. Nxc7
Qxc7 29. h5 Nc6 30. Re1 Nd8 31. Rc4 Ne6 32. hxg6 fxg6 33. Bd5 Rf8 34. Kg2 Kg7
35. Rh1 h5 36. Kg1 Rf5 37. f4 Rf8 38. Rh2 Qd8 39. Rd2 Nc7 40. Be4 e6 41. c6 Nd5
42. Bxd5 exd5 43. c7 Qe8 44. Rxd5 h4 45. Rd6 hxg3 46. Qxg3 b6 47. Rxb6 d5 48.
Rcc6 Bf5 49. c8=Q 1-0

[Event "World Senior 65+ 2014"]
[Site "Katerini GRE"]
[Date "2014.11.01"]
[Round "8.21"]
[White "Bondar, Leonid"]
[Black "Vogel, Jaap"]
[Result "1/2-1/2"]
[BlackTitle "FM"]
[WhiteElo "2061"]
[BlackElo "2239"]
[WhiteFideId "2006227"]
[BlackFideId "1000764"]
[EventDate "2014.10.24"]

1. e4 e6 2. d4 d5 3. Nd2 Nf6 4. e5 Nfd7 5. Bd3 c5 6. c3 Nc6 7. Ne2 a5 8. O-O a4
9. a3 cxd4 10. cxd4 Nb6 11. Nf3 Be7 12. Qc2 h6 13. Be3 Bd7 14. Rac1 Na5 15. Nd2
Rc8 16. Qb1 Nbc4 17. Nxc4 Nxc4 18. Bxc4 dxc4 19. Qe4 b5 20. Qg4 Kf8 21. Bd2 h5
22. Qg3 Bc6 23. f4 g6 24. Qe3 Qd5 25. Rf2 Bh4 26. Rf3 Rd8 27. Bb4+ Ke8 28. Bd6
Rxd6 29. exd6 Qxd6 30. Rh3 Bf6 31. Rd1 Kf8 32. Nc3 Kg7 33. d5 Bxd5 34. Ne4 Qe7
35. Nxf6 Qxf6 36. Rd2 Rb8 37. Qc3 Rc8 1/2-1/2

[Event "World Senior 65+ 2014"]
[Site "Katerini GRE"]
[Date "2014.11.01"]
[Round "8.22"]
[White "Malmdin, Nils-Ake"]
[Black "Borwell, Alan P"]
[Result "1/2-1/2"]
[WhiteTitle "FM"]
[WhiteElo "2208"]
[BlackElo "2032"]
[WhiteFideId "1701584"]
[BlackFideId "2402335"]
[EventDate "2014.10.24"]

1. e4 c5 2. f4 e6 3. d3 d5 4. Nd2 Nc6 5. g3 g6 6. Bg2 Bg7 7. Ngf3 Nge7 8. O-O
O-O 9. c3 b5 10. e5 Qb6 11. Re1 f6 12. Nf1 fxe5 13. fxe5 d4 14. c4 bxc4 15. dxc4
Bb7 16. Bf4 Rad8 17. Ng5 Bc8 18. h4 h6 19. Nf3 Nf5 20. Qd2 Qb4 21. a3 1/2-1/2

[Event "World Senior 65+ 2014"]
[Site "Katerini GRE"]
[Date "2014.11.01"]
[Round "8.23"]
[White "Hohler, Peter"]
[Black "Yakovlev, Yuri S."]
[Result "1-0"]
[WhiteTitle "FM"]
[WhiteElo "2187"]
[BlackElo "1992"]
[WhiteFideId "1300296"]
[BlackFideId "4173929"]
[EventDate "2014.10.24"]

1. Nf3 c5 2. g3 b5 3. Bg2 Bb7 4. O-O e6 5. a4 b4 6. c3 Be7 7. cxb4 cxb4 8. d4 h5
9. h4 Nf6 10. Bg5 d6 11. Nbd2 Nbd7 12. Re1 Ne4 13. Bxe7 Qxe7 14. Ng5 Nxg5 15.
Bxb7 Rb8 16. Bg2 Nh7 17. Rc1 g5 18. Nf3 gxh4 19. Nxh4 Ndf6 20. Qd2 Rg8 21. Rc2
Ng5 22. Rec1 Kf8 23. Rc7 Qd8 24. Rxa7 Qb6 25. Rac7 e5 26. R7c6 Qa7 27. Rc8+ Rxc8
28. Rxc8+ Ne8 29. Bc6 Nh3+ 30. Kh2 Ke7 31. Kxh3 Qa6 32. Rxe8+ Rxe8 33. Bxe8 Qa8
34. d5 Kxe8 35. Nf5 Kd7 36. e4 Qxa4 37. Qg5 1-0

[Event "World Senior 65+ 2014"]
[Site "Katerini GRE"]
[Date "2014.11.01"]
[Round "8.24"]
[White "Pitzl, Konstantinos"]
[Black "Titz, Heimo"]
[Result "0-1"]
[BlackTitle "FM"]
[WhiteElo "2048"]
[BlackElo "2158"]
[WhiteFideId "1627112"]
[BlackFideId "1601520"]
[EventDate "2014.10.24"]

1. Nf3 Nf6 2. c4 c5 3. Nc3 e6 4. g3 b6 5. Bg2 Bb7 6. O-O Be7 7. d3 d6 8. e4 Nbd7
9. Bf4 O-O 10. Re1 Qc8 11. Rc1 a6 12. a4 Re8 13. b3 h6 14. a5 bxa5 15. Na4 Qc6
16. d4 cxd4 17. Nxd4 Qc8 18. Bd2 Bd8 19. Bc3 Nb6 20. Bxa5 Nxa4 21. Bxd8 Rxd8 22.
bxa4 Qc7 23. Qb3 Rab8 24. Qa2 Nd7 25. Red1 Nc5 26. f3 Bc8 27. f4 Bd7 28. e5 dxe5
29. fxe5 Bxa4 30. Rd2 Qxe5 31. Nf3 Qe3+ 32. Kh1 Rxd2 33. Qxd2 Qxd2 34. Nxd2 Rb2
35. Nb1 Kf8 36. Nc3 Rc2 37. Rxc2 Bxc2 38. Bc6 Ke7 39. Kg1 Bd3 40. Kf2 Bxc4 41.
Ke3 e5 42. Bf3 f5 43. Bh5 g5 44. Bg6 f4+ 45. gxf4 gxf4+ 46. Kf3 Kd6 47. Kg4 a5
48. Bc2 Bb3 49. Bb1 a4 50. h4 a3 51. Nb5+ Kd5 52. Nxa3 Kd4 53. Nb5+ Ke3 54. Nd6
Be6+ 55. Bf5 e4 56. Bxe6 Nxe6 57. Kf5 Nd4+ 58. Ke5 Nf3+ 59. Kd5 Nxh4 60. Nc4+
Kf3 61. Ne5+ Kg3 62. Kxe4 Ng2 63. Nf3 h5 64. Ng1 h4 65. Ne2+ Kf2 66. Nd4 h3 67.
Nf3 Kg3 68. Nd2 Ne3 69. Nf3 Ng4 70. Nd2 Nh2 71. Kd3 f3 72. Ne4+ Kg2 73. Ke3 Ng4+
74. Kf4 h2 0-1

[Event "World Senior 65+ 2014"]
[Site "Katerini GRE"]
[Date "2014.11.01"]
[Round "8.25"]
[White "Carlsten, Peter"]
[Black "Danielsson, Robert"]
[Result "1/2-1/2"]
[WhiteElo "2031"]
[BlackElo "2115"]
[WhiteFideId "1705067"]
[BlackFideId "1711490"]
[EventDate "2014.10.24"]

1. e4 c5 2. Nf3 g6 3. d4 cxd4 4. Nxd4 Bg7 5. Nc3 Nc6 6. Be3 Nf6 7. Nxc6 bxc6 8.
e5 Ng8 9. f4 Nh6 10. Qd2 O-O 11. O-O-O d6 12. h3 Nf5 13. Bf2 c5 14. Bc4 Bb7 15.
Bd5 Bxd5 16. Nxd5 dxe5 17. Bxc5 exf4 18. Nxe7+ 1/2-1/2

[Event "World Senior 65+ 2014"]
[Site "Katerini GRE"]
[Date "2014.11.01"]
[Round "8.26"]
[White "Andreas, Guenter"]
[Black "Kratschmer, Heinz"]
[Result "1/2-1/2"]
[WhiteElo "1992"]
[BlackElo "2109"]
[WhiteFideId "24625760"]
[BlackFideId "1606670"]
[EventDate "2014.10.24"]

1. e4 c5 2. Nf3 g6 3. c3 Bg7 4. d4 cxd4 5. cxd4 d5 6. Bb5+ Bd7 7. Bxd7+ Qxd7 8.
exd5 Nf6 9. Ne5 Qxd5 10. O-O Nc6 11. Nf3 Rd8 12. Nc3 Qd7 13. Be3 Nd5 14. Qb3
Nxe3 15. fxe3 O-O 16. Ne4 Na5 17. Qb4 b6 18. b3 Rc8 19. Rac1 Nc6 20. Qd2 Bh6 21.
d5 Rfd8 22. Rcd1 Qg4 23. Nf2 Qb4 24. Qe2 Nb8 25. e4 Rc3 26. Nd3 Qd6 27. Nfe5 f6
28. Nc4 1/2-1/2

[Event "World Senior 65+ 2014"]
[Site "Katerini GRE"]
[Date "2014.11.01"]
[Round "8.27"]
[White "Lelis, Janis"]
[Black "Meizlin, Yaacov"]
[Result "1-0"]
[WhiteElo "1846"]
[BlackElo "2105"]
[WhiteFideId "11604328"]
[BlackFideId "2812185"]
[EventDate "2014.10.24"]

1. d4 Nf6 2. c4 e6 3. Nc3 b6 4. Bf4 Bb7 5. e3 d6 6. h3 Be7 7. Nf3 Nbd7 8. Rc1
O-O 9. Be2 c5 10. O-O a6 11. a3 Qc7 12. Bh2 Rfd8 13. b3 Nf8 14. a4 Ng6 15. Qc2
Rac8 16. Rfd1 Bc6 17. Ne1 Qb7 18. Bf3 cxd4 19. exd4 d5 20. Qa2 dxc4 21. bxc4 Ne4
22. d5 exd5 23. cxd5 Nxc3 24. dxc6 Nxa2 25. cxb7 Nxc1 26. Bc7 Rf8 27. bxc8=Q
Rxc8 28. Bxb6 Nf8 29. a5 Bb4 30. Nd3 Ba3 31. Bb7 Ne2+ 32. Kf1 Rc2 33. Bxa6 Nc3
34. Ra1 Bd6 35. Rc1 Rxc1+ 36. Nxc1 Nd5 37. Ba7 Nd7 38. Nb3 Kf8 39. Bc4 Nb4 40.
a6 Ne5 41. Bb5 Nxa6 42. Bxa6 Kg8 43. Be3 Bb4 44. Bb5 Be7 45. f4 Ng6 46. g3 Nf8
47. f5 Bd6 48. g4 g6 49. Bh6 Be7 50. Ke2 Ba3 51. Kf3 Bb4 52. Ke4 Ba3 53. Kd5 Bb4
54. Kc6 Be7 55. Kc7 Bh4 56. Kc8 Be7 57. Nd4 Bh4 58. Nc6 gxf5 59. gxf5 Bf6 60.
Bc4 Bg7 61. Bf4 Bf6 62. Ne5 Kg7 63. Nxf7 h5 64. Bh6+ Kg8 65. Nd6+ 1-0

[Event "World Senior 65+ 2014"]
[Site "Katerini GRE"]
[Date "2014.11.01"]
[Round "8.28"]
[White "Susanto, Budhi"]
[Black "Harding, Tim D"]
[Result "0-1"]
[WhiteElo "1724"]
[BlackElo "2095"]
[WhiteFideId "7104979"]
[BlackFideId "2500256"]
[EventDate "2014.10.24"]

1. d4 d5 2. Nf3 Nf6 3. b3 Bf5 4. e3 c6 5. Bd3 e6 6. Bxf5 exf5 7. Qd3 Qc8 8. O-O
Bd6 9. c4 O-O 10. Nc3 Na6 11. a3 Ne4 12. cxd5 Nxc3 13. Qxc3 cxd5 14. Qd2 Qe6 15.
Bb2 Rfc8 16. Rfc1 Rxc1+ 17. Rxc1 Rc8 18. Qa5 Rxc1+ 19. Bxc1 Bc7 20. Qb5 Qc6 21.
Qf1 Qc2 22. b4 Bd6 23. g3 Nc7 24. h4 f6 25. Bd2 b5 26. Qa1 Qb3 27. Bc3 Na8 28.
Qc1 Nb6 29. Nd2 Qa2 30. Nb1 Nc4 31. Kg2 g6 32. Be1 Qb3 33. Kh2 a6 34. Nc3 Nb6
35. Nb1 Qc4 36. Qd1 Kf7 37. Nc3 Ke6 38. Kg1 Qc6 39. g4 fxg4 40. Qxg4+ f5 41. Qg5
Kf7 42. h5 Be7 43. Qh6 Kg8 44. f3 Qf6 45. hxg6 Qxg6+ 46. Qxg6+ hxg6 47. Bg3 Kf7
48. Bc7 Nc4 49. Nxd5 Nxa3 50. Ba5 Nc4 51. Bc7 Bg5 52. Kf2 Ke6 53. e4 Nd6 54. Nc3
Bd2 55. d5+ Kd7 56. Bxd6 Kxd6 57. Na2 fxe4 58. fxe4 a5 59. bxa5 Bxa5 60. Kf3 Ke5
61. Nc1 Bd8 62. Nb3 Be7 63. Ke3 b4 64. Kd3 g5 65. Nd2 g4 66. Nc4+ Kf4 67. e5 g3
68. d6 Bxd6 69. exd6 g2 70. Ne3 g1=Q 71. Nd5+ Ke5 0-1